| 000 | 01177cam a22003257a 4500 | ||
|---|---|---|---|
| 003 | CHAP | ||
| 005 | 20220817043504.0 | ||
| 008 | 981029d1997 mx a r 00110 spa d | ||
| 010 | _a76518 | ||
| 011 | _a77490 | ||
| 020 | _a9683658946 | ||
| 035 | _a87097 | ||
| 040 | _cCHAP | ||
| 082 | 0 | 4 |
_a634.928072 _bM4 |
| 100 | 0 | 0 |
_aMerino, Leticia _ecoord. _974995 |
| 245 | 1 | 3 |
_aEl manejo forestal comunitario en México y sus perspectivas de sustentabilidad _c/coord. por Leticia Merino |
| 260 |
_aCuernavaca, Mor. : _bUniversidad Nacional Autónoma de México. Centro Regional de Investigaciones Multidisciplinarias, _c1997. |
||
| 300 |
_a182 p. : _bilus. |
||
| 590 |
_aBATCH-UPD _b10 _c20130110 _lUCH01 _h0731 |
||
| 590 |
_aBATCH-UPD _b10 _c20130410 _lUCH01 _h0415 |
||
| 590 |
_aBATCH-UPD _b10 _c20130914 _lUCH01 _h0705 |
||
| 590 |
_aCONVERSION _b10 _c20130109 _lUCH01 _h1342 |
||
| 650 | 1 | 4 |
_aBosques _xAdministración comunitaria _zMéxico. _914043 |
| 650 | 1 | 4 |
_aBosques _xPreservación. |
| 650 | 1 | 4 |
_aSilvicultura sustentable. _9106136 |
| 901 | _aBK | ||
| 905 | _aAlejandra Carrasco M. | ||
| 942 | _cLIBRO | ||
| 949 |
_a634.928072 M4 _bBC _cLIBRO _d33724000681441 _eLIBRO _h94020 _i87097 _si |
||
| 999 |
_c76518 _d76518 |
||